000
00247nam a22001217a 4500
003
SGT
082
_a
823
_b
GOL
100
_a
GOLDING WILLAM
245
_a
LORD OF THE FILES
260
_a
LONDON
_b
F&F PUB
_c
2012
300
_a
353
942
_2
ddc
_c
BK
999
_c
33520
_d
33520